[Event "ICS rated blitz match"]
[Site "204.178.125.65"]
[Date "2000.09.12"]
[Round "?"]
[White "Hossa"]
[Black "matemastr"]
[Result "0-1"]
[WhiteElo "2552"]
[BlackElo "2626"]
[PlyCount "180"]
[EventDate "2000.??.??"]

1. e4 c5 2. Nf3 Nc6 3. d4 cxd4 4. Nxd4 g6 5. Nc3 Bg7 6. Be3 Nf6 7. Bc4 O-O 8.
Bb3 d6 9. f3 Bd7 10. Qd2 Nxd4 11. Bxd4 b5 12. h4 a5 13. h5 e5 14. hxg6 hxg6 15.
Be3 a4 16. Bh6 Nh5 17. Bd5 Rc8 18. Bxg7 Kxg7 19. a3 Nf4 20. Ba2 Qg5 21. O-O-O
Bc6 22. g3 Qxg3 23. Qxd6 Rfe8 24. Rdf1 Qg5 25. Kb1 Red8 26. Qc5 Qf6 27. Qb6 Rd2
28. Bd5 Rg2 29. Rd1 Nxd5 30. exd5 Qf5 31. Ne4 Ba8 32. Rc1 Qf4 33. Qd6 Rh2 34.
Rxh2 Qxh2 35. Qf6+ Kg8 36. Nd6 Rf8 37. Rd1 Qh5 38. c3 e4 39. Nxe4 Bxd5 40. Ng5
Bb3 41. Rg1 Re8 42. Qf4 Re2 43. c4 Bxc4 44. Qf6 Re8 45. Qf4 Qh8 46. Ka1 Re2 47.
Qb8+ Kg7 48. Qf4 Qh2 49. Qd4+ Qe5 50. Qxe5+ Rxe5 51. f4 Re3 52. Rd1 Kf6 53. Kb1
Kf5 54. Nh7 Re4 55. Rg1 Rxf4 56. Rg5+ Ke4 57. Rg1 Ke5 58. Kc2 Rf2+ 59. Kc3 Rh2
60. Re1+ Re2 61. Rxe2+ Bxe2 62. Ng5 f6 63. Nh7 g5 64. Kd2 Bg4 65. Nf8 Bf5 66.
Kc3 g4 67. Kd2 Kd6 68. Ke3 Ke7 69. Kf2 Kxf8 70. Kg3 Ke7 71. Kf4 Ke6 72. Kg3 Kd5
73. Kf2 Bd7 74. Ke2 f5 75. Ke3 Kc4 76. Kf4 Kb3 77. Ke5 Kxb2 78. Kd4 g3 79. Ke3
Kxa3 80. Kd4 f4 81. Ke5 f3 82. Kf4 f2 83. Kf3 f1=Q+ 84. Ke4 g2 85. Ke5 g1=Q 86.
Kd6 Qd4+ 87. Kc7 Qfc4+ 88. Kd8 Bh3+ 89. Ke7 Qe6+ 90. Kf8 Qdf6# {
Hossa checkmated} 0-1

[Event "ICS rated blitz match"]
[Site "204.178.125.65"]
[Date "2000.09.12"]
[Round "?"]
[White "salzi"]
[Black "Hossa"]
[Result "1/2-1/2"]
[WhiteElo "2113"]
[BlackElo "2539"]
[PlyCount "242"]
[EventDate "2000.??.??"]

1. d4 d5 2. c4 e6 3. Nc3 Nf6 4. e3 Bb4 5. Bd2 O-O 6. a3 Be7 7. Nf3 Ne4 8. Nxe4
dxe4 9. Ng1 c5 10. Bc3 cxd4 11. Bxd4 Nc6 12. Bc3 f5 13. Qxd8 Rxd8 14. Rd1 Bd7
15. Ne2 Rac8 16. Nd4 Nxd4 17. Bxd4 Ba4 18. Rd2 b6 19. Be2 Bb3 20. O-O e5 21.
Bc3 Rxd2 22. Bxd2 Bxc4 23. Bxc4+ Rxc4 24. Rc1 Rxc1+ 25. Bxc1 Bd6 26. Kf1 f4 27.
Ke2 g5 28. g3 f3+ 29. Kd2 Kf7 30. Kc3 h5 31. Kc4 Ke6 32. h3 a6 33. b4 b5+ 34.
Kb3 Kf6 35. Bd2 Kf7 36. Be1 Bc7 37. Kc3 Bb6 38. Kb3 Ke6 39. Kc3 a5 40. Kb3 a4+
41. Kc3 Ke7 42. Bd2 Bc7 43. Be1 Kf6 44. Bd2 h4 45. g4 Kg7 46. Be1 Kf7 47. Bd2
Bd6 48. Be1 Kf6 49. Bd2 Ke6 50. Be1 Kf7 51. Bd2 Kg7 52. Be1 Be7 53. Bd2 Kf7 54.
Be1 Bd8 55. Bd2 Bb6 56. Be1 Ke7 57. Bd2 Kd7 58. Be1 Bc7 59. Bd2 Bd6 60. Be1 Ke6
61. Bd2 Kf6 62. Be1 Kg7 63. Bd2 Be7 64. Be1 Kh7 65. Bd2 Kg8 66. Be1 Kf7 67. Bd2
Bf8 68. Be1 Kg7 69. Bd2 Kf6 70. Be1 Kf7 71. Bd2 Kg7 72. Be1 Kf6 73. Bd2 Be7 74.
Be1 Kg6 75. Bd2 Kh7 76. Be1 Bd6 77. Bd2 Kg8 78. Be1 Kf8 79. Bd2 Ke7 80. Be1 Kd7
81. Bd2 Kc6 82. Be1 Kb7 83. Bd2 Kc7 84. Be1 Kc8 85. Bd2 Kb7 86. Be1 Bb8 87. Bd2
Ka7 88. Be1 Bd6 89. Bd2 Kb6 90. Be1 Kc6 91. Bd2 Bf8 92. Be1 Be7 93. Bd2 Kd5 94.
Be1 Bf8 95. Bd2 Ke6 96. Be1 Bg7 97. Bd2 Kf6 98. Be1 Ke7 99. Bd2 Kf7 100. Be1
Bf6 101. Bd2 Be7 102. Be1 Bd8 103. Bd2 Be7 104. Be1 Bd8 105. Bd2 Be7 106. Be1
Bd8 107. Bd2 Be7 108. Be1 Bd8 109. Bd2 Be7 110. Be1 Bd8 111. Bd2 Be7 112. Be1
Bd8 113. Bd2 Be7 114. Be1 Bd8 115. Bd2 Be7 116. Be1 Bd8 117. Bd2 Be7 118. Be1
Bd8 119. Bd2 Be7 120. Be1 Bd8 121. Bd2 Be7 {Game drawn by repetition} 1/2-1/2

[Event "ICS rated blitz match"]
[Site "204.178.125.65"]
[Date "2000.09.12"]
[Round "?"]
[White "Knightfreak"]
[Black "Hossa"]
[Result "0-1"]
[WhiteElo "2435"]
[BlackElo "2526"]
[PlyCount "112"]
[EventDate "2000.??.??"]

1. e4 e5 2. Nf3 Nc6 3. Bb5 a6 4. Ba4 Nf6 5. O-O Be7 6. Re1 b5 7. Bb3 d6 8. c3
O-O 9. h3 Bb7 10. d4 Re8 11. Nbd2 Bf8 12. d5 Ne7 13. Nf1 Ng6 14. a4 Be7 15. Qd3
Nd7 16. Be3 Nf4 17. Bxf4 Nc5 18. Qc2 exf4 19. Nd4 Qd7 20. axb5 axb5 21. Nd2 Bf6
22. Reb1 Nxb3 23. Qxb3 Bxd4 24. cxd4 f5 25. f3 Rxa1 26. Rxa1 fxe4 27. fxe4 Ra8
28. Rxa8+ Bxa8 29. Qa3 Bb7 30. Qa7 Qc8 31. Qa3 Qb8 32. Nb3 Ba8 33. Qa5 g6 34.
Kf2 Kg7 35. Nc1 g5 36. Nd3 h5 37. Nb4 Kh6 38. e5 g4 39. e6 gxh3 40. gxh3 Qg8
41. Qxc7 Qg3+ 42. Kf1 Qf3+ 43. Ke1 Qe3+ 44. Kf1 Qxh3+ 45. Kf2 Qe3+ 46. Kf1 Qf3+
47. Ke1 Qe4+ 48. Kd2 Bxd5 49. e7 Qe3+ 50. Kd1 Bf3+ 51. Kc2 Be4+ 52. Kd1 Qxd4+
53. Kc1 Qxb4 54. Qxd6+ Qxd6 55. e8=Q Qc5+ 56. Kd2 Qe3+ {Knightfreak resigns}
0-1

[Event "ICS rated blitz match"]
[Site "204.178.125.65"]
[Date "2000.09.12"]
[Round "?"]
[White "Hossa"]
[Black "brutus"]
[Result "1/2-1/2"]
[WhiteElo "2538"]
[BlackElo "2298"]
[PlyCount "82"]
[EventDate "2000.??.??"]

1. e4 e6 2. d4 d5 3. Nd2 Nf6 4. e5 Nfd7 5. Bd3 c5 6. c3 Nc6 7. Ne2 cxd4 8. cxd4
Nb6 9. O-O Bd7 10. Nf3 Be7 11. a3 a5 12. Nc3 a4 13. Rb1 Na5 14. Be3 Nac4 15.
Qe2 Rc8 16. Rbc1 Na5 17. Nd2 Nbc4 18. Nxc4 Nxc4 19. Qg4 Kf8 20. Bxc4 Rxc4 21.
Rc2 h5 22. Qg3 g6 23. Rfc1 Kg7 24. Ne2 Bb5 25. Qf3 Rxc2 26. Rxc2 Bxe2 27. Qxe2
Qd7 28. Qd1 Ra8 29. Qc1 Bd8 30. Bh6+ Kg8 31. h4 Ra6 32. g3 Rc6 33. Qd1 Rxc2 34.
Qxc2 Qc6 35. Qe2 Be7 36. f3 b5 37. Qd2 Kh7 38. Qf4 Kg8 39. Qd2 Kh7 40. Qf4 Kg8
41. Qd2 Kh7 {Game drawn by repetition} 1/2-1/2

[Event "ICS rated standard match"]
[Site "204.178.125.65"]
[Date "2000.09.12"]
[Round "?"]
[White "tobalina"]
[Black "Hossa"]
[Result "0-1"]
[WhiteElo "2063"]
[BlackElo "2377"]
[PlyCount "46"]
[EventDate "2000.??.??"]

1. d4 Nf6 2. c4 e6 3. Nc3 Bb4 4. Qc2 c5 5. dxc5 O-O 6. a3 Bxc5 7. Nf3 Nc6 8.
Bg5 h6 9. Bh4 g5 10. Bg3 g4 11. Nd2 Nh5 12. Nde4 Be7 13. O-O-O f5 14. Nd6 f4
15. Qg6+ Ng7 16. e3 Rf6 17. Qc2 fxg3 18. hxg3 Bxd6 19. Rxd6 Nf5 20. Rd1 Qa5 21.
e4 Nfd4 22. Qd3 Rxf2 23. Rxh6 Qg5+ {tobalina resigns} 0-1

[Event "ICS rated standard match"]
[Site "204.178.125.65"]
[Date "2000.09.12"]
[Round "?"]
[White "Hossa"]
[Black "tobalina"]
[Result "1-0"]
[WhiteElo "2382"]
[BlackElo "2058"]
[PlyCount "45"]
[EventDate "2000.??.??"]

1. d4 Nf6 2. c4 e6 3. Nf3 Bb4+ 4. Bd2 c5 5. Bxb4 cxb4 6. e3 O-O 7. Bd3 d6 8.
Nbd2 Qe7 9. Qc2 e5 10. Ne4 Nxe4 11. Bxe4 f5 12. Bd5+ Be6 13. dxe5 Bxd5 14. cxd5
dxe5 15. Rc1 Na6 16. O-O Qd6 17. Rfd1 h6 18. e4 f4 19. Nd2 Qg6 20. Qd3 Rf6 21.
Nf3 Qh5 22. d6 Rd8 23. Qd5+ {tobalina resigns} 1-0

[Event "ICS rated standard match"]
[Site "204.178.125.65"]
[Date "2000.09.12"]
[Round "?"]
[White "Hossa"]
[Black "tobalina"]
[Result "1-0"]
[WhiteElo "2390"]
[BlackElo "2050"]
[PlyCount "34"]
[EventDate "2000.??.??"]

1. e4 c5 2. Nf3 d6 3. d4 cxd4 4. Nxd4 Nf6 5. Nc3 a6 6. Be2 e5 7. Nb3 Be7 8. O-O
Be6 9. Be3 Qc7 10. f4 Nbd7 11. Rb1 O-O 12. f5 Bc4 13. Bxc4 Qxc4 14. Qf3 b5 15.
a3 b4 16. Nd2 Qc7 17. axb4 a5 {tobalina resigns} 1-0

[Event "ICS rated standard match"]
[Site "204.178.125.65"]
[Date "2000.09.12"]
[Round "?"]
[White "tobalina"]
[Black "Hossa"]
[Result "0-1"]
[WhiteElo "2046"]
[BlackElo "2394"]
[PlyCount "40"]
[EventDate "2000.??.??"]

1. d4 d5 2. Nf3 Nf6 3. Bf4 c6 4. e3 Qb6 5. Qc1 Nh5 6. Be5 Nd7 7. c4 f6 8. Bg3
e5 9. dxe5 Nxg3 10. hxg3 fxe5 11. cxd5 cxd5 12. Nc3 d4 13. exd4 exd4 14. Ne4
Ne5 15. a3 Be7 16. Nfg5 h6 17. Qd1 O-O 18. Nf3 Bg4 19. Ned2 d3 20. b4 Qe6 {
tobalina resigns} 0-1

[Event "ICS rated standard match"]
[Site "204.178.125.65"]
[Date "2000.09.12"]
[Round "?"]
[White "Hossa"]
[Black "tobalina"]
[Result "1-0"]
[WhiteElo "2398"]
[BlackElo "2042"]
[PlyCount "40"]
[EventDate "2000.??.??"]

1. e4 c5 2. Nf3 d6 3. d4 cxd4 4. Nxd4 Nf6 5. Nc3 a6 6. Bg5 e6 7. f4 Qb6 8. Qd2
Qxb2 9. Rb1 Qa3 10. f5 Nc6 11. fxe6 fxe6 12. Nxc6 bxc6 13. e5 Nd5 14. Nxd5 cxd5
15. Be2 dxe5 16. O-O Be7 17. Bxe7 Qxe7 18. Qc3 Bd7 19. Qxe5 Rf8 20. Rb8+ Rxb8 {
tobalina resigns} 1-0

[Event "ICS rated standard match"]
[Site "204.178.125.65"]
[Date "2000.09.12"]
[Round "?"]
[White "tobalina"]
[Black "Hossa"]
[Result "0-1"]
[WhiteElo "2038"]
[BlackElo "2402"]
[PlyCount "55"]
[EventDate "2000.??.??"]

1. d4 d5 2. c4 e6 3. Nc3 Nf6 4. Bg5 Be7 5. e3 O-O 6. Nf3 Nbd7 7. Rc1 c6 8. Bd3
dxc4 9. Bxc4 Nd5 10. Bxe7 Qxe7 11. O-O Nxc3 12. Rxc3 e5 13. Qc2 exd4 14. exd4
Nb6 15. Re1 Qd8 16. Bb3 Nd5 17. Bxd5 Qxd5 18. b4 Bf5 19. Qd2 Rfe8 20. Rce3 Rxe3
21. Rxe3 Qd6 22. h3 Qf6 23. Re5 Bxh3 24. Qe3 Be6 25. Ng5 Re8 26. d5 cxd5 27.
Rxd5 Qa1+ 28. Kh2 {tobalina resigns} 0-1

[Event "ICS rated standard match"]
[Site "204.178.125.65"]
[Date "2000.09.12"]
[Round "?"]
[White "Hossa"]
[Black "tobalina"]
[Result "1-0"]
[WhiteElo "2406"]
[BlackElo "2034"]
[PlyCount "46"]
[EventDate "2000.??.??"]

1. e4 c5 2. Nf3 d6 3. d4 cxd4 4. Nxd4 Nf6 5. Nc3 a6 6. Bg5 e6 7. f4 Qb6 8. Qd2
Qxb2 9. Rb1 Qa3 10. f5 Nc6 11. fxe6 fxe6 12. Nxc6 bxc6 13. e5 dxe5 14. Bxf6
gxf6 15. Ne4 Be7 16. Be2 h5 17. Rb3 Qa4 18. Nxf6+ Bxf6 19. c4 c5 20. O-O Be7
21. Qc2 Ra7 22. Bxh5+ Kd8 23. Rd3+ Rd7 {tobalina resigns} 1-0

[Event "ICS rated standard match"]
[Site "204.178.125.65"]
[Date "2000.09.12"]
[Round "?"]
[White "tobalina"]
[Black "Hossa"]
[Result "1/2-1/2"]
[WhiteElo "2031"]
[BlackElo "2409"]
[PlyCount "182"]
[EventDate "2000.??.??"]

1. d4 Nf6 2. c4 e6 3. Nc3 Bb4 4. Qc2 c5 5. dxc5 O-O 6. Bf4 Bxc5 7. e3 Nh5 8.
Bg3 Nc6 9. Bd3 f5 10. a3 Nxg3 11. hxg3 Ne5 12. Be2 a5 13. Nf3 Ng4 14. Nd4 Nf6
15. O-O-O Qe7 16. Ndb5 Ra6 17. Rd2 d6 18. Rhd1 e5 19. Nd5 Nxd5 20. Rxd5 Be6 21.
R5d2 Rc6 22. Nc3 Rfc8 23. Kb1 Qd7 24. Qa4 Qd8 25. Nd5 Bxd5 26. Rxd5 Qc7 27. Ka2
g6 28. Bf1 e4 29. Be2 h5 30. Qc2 Ra8 31. Qa4 Rca6 32. Bf1 Rc8 33. Be2 Qg7 34.
Bf1 Rb6 35. R1d2 Qe7 36. Be2 Qd8 37. Bf1 Qc7 38. Be2 Kh7 39. Bf1 Rc6 40. Be2
Rd8 41. Bf1 Kg8 42. Be2 Rb8 43. Bf1 Rc8 44. Be2 Qb6 45. Bf1 R6c7 46. Be2 Re7
47. Bf1 Rf7 48. Be2 Rff8 49. Bf1 Qd8 50. Be2 Qc7 51. Bf1 Rfd8 52. Be2 Qb6 53.
Bf1 Qc6 54. Qb3 Rf8 55. Qc2 Rf7 56. Be2 b5 57. cxb5 Qa8 58. Qa4 Rfc7 59. Bc4
Kg7 60. Bb3 Qa7 61. Rc2 Rb8 62. Bc4 Qb6 63. Rcd2 Rcc8 64. Qb3 Kh6 65. Qa4 Qc7
66. b3 Kg7 67. Rc2 Bb6 68. Rcd2 Rd8 69. Rc2 Kh6 70. Rcd2 Qe7 71. Rc2 Rbc8 72.
Rcd2 Rd7 73. Rc2 Kg7 74. Rcd2 Kh8 75. Rc2 Ra7 76. Rcd2 Rd8 77. Rc2 Qe6 78. Rcd2
Qf6 79. Rc2 Rc8 80. Rcd2 Rd7 81. Rc2 Rdc7 82. Rcd2 Rd8 83. Rc2 Qe6 84. Rcd2 Qe7
85. Rc2 Rdc8 86. Rcd2 f4 87. gxf4 Rd7 88. g3 Qf6 89. Rc2 Rdc7 90. Rcd2 Rd7 91.
Rc2 Rdc7 {Game drawn by mutual agreement} 1/2-1/2

[Event "ICS rated blitz match"]
[Site "204.178.125.65"]
[Date "2000.09.12"]
[Round "?"]
[White "Hossa"]
[Black "matemastr"]
[Result "1/2-1/2"]
[WhiteElo "2528"]
[BlackElo "2651"]
[PlyCount "75"]
[EventDate "2000.??.??"]

1. e4 e5 2. Nf3 Nc6 3. Nc3 Nf6 4. Nxe5 Nxe5 5. d4 Nc6 6. d5 Ne5 7. f4 Ng6 8. e5
Ng8 9. d6 cxd6 10. exd6 Qh4+ 11. g3 Qf6 12. Nb5 Rb8 13. Be3 b6 14. Bd4 Qe6+ 15.
Be2 Kd8 16. Qd3 Bb7 17. f5 Qd5 18. Rf1 Ne5 19. Qe3 Nc4 20. Bxc4 Qxc4 21. Nxa7
Bxd6 22. b3 Qxc2 23. Bxb6+ Bc7 24. Nb5 Bxb6 25. Qxb6+ Ke8 26. Nd6+ Kf8 27. Qb4
Ne7 28. f6 gxf6 29. Rxf6 Qb2 30. Rxf7+ Kg8 31. Rd1 Qe5+ 32. Kf2 Qh5 33. Qc3
Qxh2+ 34. Ke1 Qh1+ 35. Kf2 Qg2+ 36. Ke1 Qh1+ 37. Kf2 Qg2+ 38. Ke1 {
Game drawn by mutual agreement} 1/2-1/2

[Event "ICS rated standard match"]
[Site "204.178.125.65"]
[Date "2000.09.12"]
[Round "?"]
[White "Hossa"]
[Black "tobalina"]
[Result "1-0"]
[WhiteElo "2396"]
[BlackElo "2043"]
[PlyCount "81"]
[EventDate "2000.??.??"]

1. d4 Nf6 2. c4 e6 3. Nf3 Bb4+ 4. Bd2 Qe7 5. g3 Nc6 6. Nc3 Bxc3 7. bxc3 Ne4 8.
Bg2 b6 9. Ne5 f5 10. Nxc6 dxc6 11. Bf4 c5 12. O-O Bb7 13. Qa4+ Kf7 14. Qb3 Rad8
15. Rad1 Rd7 16. Be5 Rhd8 17. e3 a5 18. Rfe1 Kg8 19. Bh1 Kf7 20. Bf3 Ba8 21.
Bg2 Kg8 22. Qc2 Qf7 23. Ra1 Qh5 24. g4 Qg6 25. f3 Nf6 26. h3 h5 27. gxf5 Qxf5
28. e4 Qg6 29. Qe2 cxd4 30. cxd4 Kh7 31. d5 exd5 32. cxd5 Re8 33. f4 Rde7 34.
Rac1 Nd7 35. Rxc7 Nxe5 36. Rxe7 Rxe7 37. fxe5 Rxe5 38. Qb2 Qd6 39. Rb1 Qc5+ 40.
Qf2 Qa3 41. Rxb6 {tobalina resigns} 1-0

[Event "ICS rated standard match"]
[Site "204.178.125.65"]
[Date "2000.09.12"]
[Round "?"]
[White "tobalina"]
[Black "Hossa"]
[Result "0-1"]
[WhiteElo "2039"]
[BlackElo "2400"]
[PlyCount "45"]
[EventDate "2000.??.??"]

1. e4 e5 2. Nf3 Nc6 3. Nc3 Nf6 4. d4 exd4 5. Nd5 Nxe4 6. Qe2 f5 7. Ng5 d3 8.
cxd3 Nd4 9. Qh5+ g6 10. Qh4 c6 11. dxe4 cxd5 12. exd5 Bg7 13. Kd1 h6 14. Nf3
Nxf3 15. Qxd8+ Kxd8 16. gxf3 Bd4 17. Rg1 g5 18. Rg2 b6 19. h4 gxh4 20. Bf4 Bb7
21. Bc4 b5 22. Bb3 a5 23. a3 {tobalina resigns} 0-1

[Event "ICS rated standard match"]
[Site "204.178.125.65"]
[Date "2000.09.12"]
[Round "?"]
[White "Hossa"]
[Black "tobalina"]
[Result "1-0"]
[WhiteElo "2404"]
[BlackElo "2035"]
[PlyCount "72"]
[EventDate "2000.??.??"]

1. e4 c5 2. Nf3 d6 3. d4 cxd4 4. Nxd4 Nf6 5. Nc3 a6 6. Bg5 e6 7. f4 Qb6 8. Qd2
Qxb2 9. Rb1 Qa3 10. f5 Nc6 11. fxe6 fxe6 12. Nxc6 bxc6 13. e5 dxe5 14. Bxf6
gxf6 15. Ne4 Be7 16. Be2 h5 17. Rb3 Qa4 18. Nxf6+ Bxf6 19. c4 Ra7 20. O-O Rd7
21. Qc3 Bg7 22. Ra3 e4 23. Qxg7 Rxg7 24. Rxa4 Rhg8 25. Bxh5+ Ke7 26. g4 e5 27.
h3 Kd6 28. Ra5 Rb7 29. c5+ Kd5 30. Bf7+ Rxf7 31. Rxf7 e3 32. Rf3 Ke4 33. Rf6
Rd8 34. Rd6 Rxd6 35. cxd6 Kd3 36. Rxe5 Kd2 {tobalina resigns} 1-0

[Event "ICS rated standard match"]
[Site "204.178.125.65"]
[Date "2000.09.12"]
[Round "?"]
[White "tobalina"]
[Black "Hossa"]
[Result "0-1"]
[WhiteElo "2032"]
[BlackElo "2407"]
[PlyCount "88"]
[EventDate "2000.??.??"]

1. d4 d5 2. c4 e6 3. Nc3 Nf6 4. Bg5 Be7 5. e3 O-O 6. Nf3 Nbd7 7. Rc1 c6 8. Bd3
dxc4 9. Bxc4 Nd5 10. Bxe7 Qxe7 11. O-O Nxc3 12. Rxc3 e5 13. Qb1 e4 14. Nd2 Nf6
15. Rfc1 Re8 16. b4 Ng4 17. Nf1 Qh4 18. R1c2 a6 19. a4 Be6 20. b5 Bxc4 21. Rxc4
cxb5 22. axb5 a5 23. b6 Qg5 24. Rc7 Reb8 25. R2c5 Qf6 26. Qa2 Nh6 27. Ng3 Qxb6
28. Nxe4 Qg6 29. Qc2 Re8 30. Nd2 Qxc2 31. Rxc2 b5 32. d5 g6 33. Rb7 Reb8 34.
Rxb8+ Rxb8 35. e4 Ng4 36. d6 Rd8 37. h3 Ne5 38. f4 Nd3 39. e5 Nxf4 40. Ne4 Nd3
41. Nf6+ Kg7 42. d7 Kf8 43. Nxh7+ Ke7 44. Nf6 Nxe5 {tobalina resigns} 0-1

[Event "ICS rated standard match"]
[Site "204.178.125.65"]
[Date "2000.09.12"]
[Round "?"]
[White "Hossa"]
[Black "tobalina"]
[Result "1/2-1/2"]
[WhiteElo "2410"]
[BlackElo "2029"]
[PlyCount "39"]
[EventDate "2000.??.??"]

1. e4 c5 2. Nf3 d6 3. d4 cxd4 4. Nxd4 Nf6 5. Nc3 a6 6. Bg5 e6 7. f4 Qb6 8. Qd2
Qxb2 9. Rb1 Qa3 10. f5 Nc6 11. fxe6 fxe6 12. Nxc6 bxc6 13. Be2 Be7 14. O-O O-O
15. Rb3 Qc5+ 16. Be3 Qa5 17. Bb6 Qe5 18. Bd4 Qa5 19. Bb6 Qe5 20. Bd4 {
Game drawn by mutual agreement} 1/2-1/2

[Event "ICS rated blitz match"]
[Site "204.178.125.65"]
[Date "2000.09.12"]
[Round "?"]
[White "JZInsomniac"]
[Black "Hossa"]
[Result "1-0"]
[WhiteElo "2808"]
[BlackElo "2533"]
[PlyCount "207"]
[EventDate "2000.??.??"]

1. d4 d5 2. Nf3 Nf6 3. c4 e6 4. Nc3 c6 5. e3 Bb4 6. Bd3 Ne4 7. Qc2 Qa5 8. Bd2
Nxd2 9. Nxd2 h6 10. O-O Nd7 11. cxd5 exd5 12. a3 Bd6 13. e4 dxe4 14. Ndxe4 Bf4
15. b4 Qb6 16. Ne2 Bb8 17. b5 O-O 18. bxc6 Qxc6 19. Qxc6 bxc6 20. Rfc1 Re8 21.
Nd2 Bb7 22. Rab1 Nb6 23. a4 Bc8 24. Rxc6 Bg4 25. f3 Bd7 26. Rcc1 Re3 27. Rb3
Rxe2 28. Bxe2 Bf4 29. Rb2 Be3+ 30. Kh1 Bxd4 31. Ra2 Bxa4 32. Ne4 Bb3 33. Ra5 g6
34. Rb1 Bc2 35. Rb4 Be3 36. Ra3 Nd5 37. Rb5 Bc1 38. Ra1 Bxe4 39. Rxc1 Nf4 40.
Bf1 Bd3 41. Bxd3 Nxd3 42. Rc7 a6 43. Rbb7 Rf8 44. Ra7 Nb4 45. h3 h5 46. Kh2 Nd5
47. Rcb7 Ne3 48. Rxa6 h4 49. Rd7 Nf5 50. Raa7 Ng3 51. Kg1 Kg7 52. Kf2 Nf5 53.
f4 Ng3 54. Kf3 Nf5 55. Kg4 Kf6 56. Ra6+ Kg7 57. Kg5 Kg8 58. Rda7 Ne3 59. Re7
Nf5 60. Rd7 Ne3 61. Ra3 Nf5 62. Kf6 Ng3 63. Re3 Ra8 64. Ree7 Ra6+ 65. Kg5 Ra5+
66. Re5 Ra6 67. Kxh4 Nf5+ 68. Kg4 Ra3 69. Rxf5 gxf5+ 70. Kxf5 Kf8 71. h4 Rg3
72. Rd2 Kg7 73. Ra2 Rd3 74. g4 Rd5+ 75. Ke4 Rb5 76. Rd2 Rb4+ 77. Rd4 Rb2 78. h5
Re2+ 79. Kf5 Rh2 80. Kg5 Kf8 81. Kf6 Ke8 82. Re4+ Kd7 83. Kxf7 Kc7 84. f5 Kc6
85. Re6+ Kc5 86. h6 Rh4 87. Kg7 Kd4 88. h7 Rxg4+ 89. Kf7 Rf4 90. h8=Q+ Kc4 91.
Qd4+ Kxd4 92. f6 Kd5 93. Ke7 Rh4 94. Re1 Rh3 95. f7 Rh8 96. Rd1+ Ke5 97. f8=Q
Rh7+ 98. Ke8 Ke4 99. Qf2 Rh8+ 100. Kf7 Rh7+ 101. Kg6 Rh6+ 102. Kxh6 Ke5 103.
Kg5 Ke6 104. Qf6# {Hossa checkmated} 1-0

[Event "ICS rated blitz match"]
[Site "204.178.125.65"]
[Date "2000.09.12"]
[Round "?"]
[White "Alex1731"]
[Black "Hossa"]
[Result "0-1"]
[WhiteElo "1987"]
[BlackElo "2528"]
[PlyCount "28"]
[EventDate "2000.??.??"]

1. e4 e5 2. Nf3 Nc6 3. Bc4 Bc5 4. b4 Bxb4 5. c3 Ba5 6. Qb3 Qf6 7. d4 Nxd4 8.
Nxd4 exd4 9. O-O dxc3 10. Be3 Ne7 11. f4 O-O 12. e5 Qc6 13. Nxc3 Bxc3 14. Qxc3
Nd5 {Alex1731 resigns} 0-1

[Event "ICS rated blitz match"]
[Site "204.178.125.65"]
[Date "2000.09.12"]
[Round "?"]
[White "Hossa"]
[Black "Alex1731"]
[Result "1-0"]
[WhiteElo "2529"]
[BlackElo "1986"]
[PlyCount "65"]
[EventDate "2000.??.??"]

1. e4 e6 2. d4 d5 3. Nc3 Bb4 4. e5 c5 5. a3 Bxc3+ 6. bxc3 Ne7 7. Qg4 Qc7 8.
Qxg7 Rg8 9. Qxh7 cxd4 10. Ne2 Qxe5 11. Bf4 Qf5 12. Qxf5 Nxf5 13. Nxd4 Nxd4 14.
cxd4 Nc6 15. O-O-O Bd7 16. h4 O-O-O 17. h5 f6 18. h6 Rh8 19. Kb2 Na5 20. Bd6
Rdg8 21. Kc3 Rg6 22. Bf4 Nc4 23. Bxc4 dxc4 24. Rh2 Bc6 25. f3 b5 26. a4 a6 27.
axb5 axb5 28. Re1 Kd7 29. Ra1 e5 30. dxe5 fxe5 31. Ra7+ Ke6 32. Be3 Kd5 33. h7
{Alex1731 resigns} 1-0

[Event "ICS rated blitz match"]
[Site "204.178.125.65"]
[Date "2000.09.12"]
[Round "?"]
[White "Hossa"]
[Black "Alex1731"]
[Result "1-0"]
[WhiteElo "2531"]
[BlackElo "1984"]
[PlyCount "33"]
[EventDate "2000.??.??"]

1. e4 e6 2. d4 d5 3. Nc3 Bb4 4. e5 c5 5. a3 Bxc3+ 6. bxc3 Ne7 7. Qg4 g6 8. Bg5
Nbc6 9. Bf6 Rg8 10. dxc5 Qa5 11. Ne2 Qxc5 12. Qg5 d4 13. Qd2 dxc3 14. Nxc3 Nxe5
15. Ne4 Qc7 16. Nd6+ Kf8 17. Qh6+ {Alex1731 resigns} 1-0

[Event "ICS rated blitz match"]
[Site "204.178.125.65"]
[Date "2000.09.12"]
[Round "?"]
[White "Alex1731"]
[Black "Hossa"]
[Result "0-1"]
[WhiteElo "1983"]
[BlackElo "2532"]
[PlyCount "72"]
[EventDate "2000.??.??"]

1. e4 e5 2. Nf3 Nc6 3. Bc4 Bc5 4. O-O d6 5. c3 Qf6 6. d4 exd4 7. cxd4 Nxd4 8.
Nxd4 Bxd4 9. Nc3 c6 10. Be3 Be5 11. f4 Bxc3 12. bxc3 Qxc3 13. Qe2 Bg4 14. Qxg4
Qxe3+ 15. Kh1 g6 16. Qg5 Qd4 17. Rac1 b5 18. Bb3 h6 19. Qh4 Qb6 20. f5 g5 21.
Qh5 Rh7 22. h4 gxh4 23. Qxh4 Rg7 24. Qf4 Rd8 25. e5 Rg5 26. g4 c5 27. Bd5 Ne7
28. Bxf7+ Kxf7 29. f6 Ng6 30. e6+ Kxe6 31. Rce1+ Kd7 32. Qg3 h5 33. f7 Rxg4 34.
Qh3 Rf8 35. Rf6 Ne5 36. Qxh5 Qb7+ {Alex1731 resigns} 0-1

[Event "ICS rated blitz match"]
[Site "204.178.125.65"]
[Date "2000.09.12"]
[Round "?"]
[White "Hossa"]
[Black "Alex1731"]
[Result "1-0"]
[WhiteElo "2533"]
[BlackElo "1982"]
[PlyCount "77"]
[EventDate "2000.??.??"]

1. e4 e6 2. d4 d5 3. Nc3 dxe4 4. Nxe4 Qd5 5. Nc3 Bb4 6. a3 Bxc3+ 7. bxc3 Nf6 8.
Bf4 O-O 9. Bxc7 Nc6 10. Nf3 b5 11. Be2 Bb7 12. Rb1 a6 13. c4 Qe4 14. cxb5 axb5
15. Rxb5 Ba6 16. Rb6 Bxe2 17. Qxe2 Rxa3 18. Qxe4 Nxe4 19. O-O Ne7 20. Re1 Nd5
21. Rxe4 Nxb6 22. Bxb6 Rb8 23. Bc5 Rb1+ 24. Re1 Raa1 25. Kf1 f6 26. Ke2 Kf7 27.
Rxb1 Rxb1 28. c4 Ke8 29. Nd2 Rb2 30. f4 Kd7 31. f5 exf5 32. Kd3 g5 33. d5 h5
34. Bd4 Ra2 35. Bxf6 Ra3+ 36. Ke2 g4 37. c5 f4 38. c6+ Kd6 39. Nc4+ {
Alex1731 resigns} 1-0

[Event "ICS rated blitz match"]
[Site "204.178.125.65"]
[Date "2000.09.12"]
[Round "?"]
[White "Alex1731"]
[Black "Hossa"]
[Result "0-1"]
[WhiteElo "1981"]
[BlackElo "2534"]
[PlyCount "22"]
[EventDate "2000.??.??"]

1. e4 e5 2. f4 exf4 3. Nf3 g5 4. Bc4 g4 5. Ne5 Qh4+ 6. Kf1 f3 7. Qe1 fxg2+ 8.
Kxg2 Qh3+ 9. Kf2 Bc5+ 10. d4 Bxd4+ 11. Be3 Bxe5 {Alex1731 resigns} 0-1

[Event "ICS rated blitz match"]
[Site "204.178.125.65"]
[Date "2000.09.12"]
[Round "?"]
[White "Hossa"]
[Black "Alex1731"]
[Result "1-0"]
[WhiteElo "2535"]
[BlackElo "1980"]
[PlyCount "60"]
[EventDate "2000.??.??"]

1. d4 e6 2. e4 d5 3. Nd2 Nf6 4. e5 Nfd7 5. Bd3 a6 6. Ndf3 c5 7. dxc5 Bxc5 8. c3
Nc6 9. Bf4 b5 10. Ne2 Bb7 11. O-O h6 12. Ned4 g5 13. Nxc6 Bxc6 14. Bg3 h5 15.
h4 Be7 16. hxg5 Bxg5 17. Bh2 Qe7 18. Bc2 O-O-O 19. a4 b4 20. cxb4 d4 21. Nxd4
Bd5 22. b5 a5 23. Nf5 Qb4 24. Nd6+ Kb8 25. Nxf7 Rdg8 26. Nxh8 Bf4 27. Ng6 Bxe5
28. Qxh5 Bxh2+ 29. Qxh2+ Kb7 30. Qh7 Qg4 {Alex1731 resigns} 1-0

[Event "ICS rated blitz match"]
[Site "204.178.125.65"]
[Date "2000.09.12"]
[Round "?"]
[White "Hossa"]
[Black "ravielig"]
[Result "1-0"]
[WhiteElo "2536"]
[BlackElo "1973"]
[PlyCount "71"]
[EventDate "2000.??.??"]

1. e4 c5 2. Nf3 e6 3. d4 cxd4 4. Nxd4 Nc6 5. Nc3 a6 6. Be2 Qc7 7. f4 d6 8. Be3
Bd7 9. O-O Nf6 10. f5 Be7 11. fxe6 fxe6 12. Bh5+ g6 13. Be2 O-O 14. Nb3 Ne5 15.
Bh6 Rf7 16. Qc1 Bf8 17. Bg5 Bg7 18. Bh6 Raf8 19. Bxg7 Kxg7 20. Qd2 Nfg4 21.
Rxf7+ Rxf7 22. Qd4 Kg8 23. Rd1 d5 24. exd5 Nf3+ 25. Bxf3 Qxh2+ 26. Kf1 e5 27.
Qc5 Qg3 28. Ke2 e4 29. Nxe4 Qe5 30. Qd4 Rxf3 31. gxf3 Qh2+ 32. Kd3 Ne5+ 33. Kc3
Qf4 34. Re1 Qxf3+ 35. Re3 Qf4 36. Nec5 {ravielig resigns} 1-0